<?xml version="1.0" encoding="UTF-8"?>
<collection xmlns="http://www.loc.gov/MARC21/slim">
 <record>
  <leader>01010pam a22002418a 4500</leader>
  <controlfield tag="001">00043886</controlfield>
  <controlfield tag="005">20190326110306.0</controlfield>
  <controlfield tag="008">110729s1999                  ||||||viesd</controlfield>
  <datafield tag="020" ind1="#" ind2="#">
   <subfield code="c">27000</subfield>
  </datafield>
  <datafield tag="041" ind1="0" ind2="#">
   <subfield code="a">vie</subfield>
  </datafield>
  <datafield tag="082" ind1="1" ind2="4">
   <subfield code="b">T103L</subfield>
   <subfield code="a">373.1</subfield>
  </datafield>
  <datafield tag="100" ind1="1" ind2="#">
   <subfield code="a">Đào, Thị Minh Châu</subfield>
  </datafield>
  <datafield tag="245" ind1="1" ind2="0">
   <subfield code="c">Đào Thị Minh Châu</subfield>
   <subfield code="a">Tài liệu tập huấn tích hợp giáo dục phát triển xanh vào chương trình giáo dục phổ thông cấp trung học cơ sở</subfield>
   <subfield code="b">Tài liệu thử nghiệm</subfield>
  </datafield>
  <datafield tag="260" ind1="#" ind2="#">
   <subfield code="c">2018</subfield>
   <subfield code="a">Nghệ An</subfield>
   <subfield code="b">Nghệ An</subfield>
  </datafield>
  <datafield tag="300" ind1="#" ind2="#">
   <subfield code="c">27 cm.</subfield>
   <subfield code="a">249 tr</subfield>
  </datafield>
  <datafield tag="500" ind1="#" ind2="#">
   <subfield code="a">ĐTTS ghi: Bộ Giáo dục và Đào tạo</subfield>
  </datafield>
  <datafield tag="653" ind1="#" ind2="#">
   <subfield code="a">Chương trình giáo dục</subfield>
  </datafield>
  <datafield tag="653" ind1="#" ind2="#">
   <subfield code="a">Trung học cơ sở</subfield>
  </datafield>
  <datafield tag="653" ind1="#" ind2="#">
   <subfield code="a">Tài liệu tập huấn</subfield>
  </datafield>
  <datafield tag="653" ind1="#" ind2="#">
   <subfield code="a">môi trường</subfield>
  </datafield>
  <datafield tag="852" ind1="#" ind2="#">
   <subfield code="j">KD.0025430</subfield>
   <subfield code="j">KGT.0055923</subfield>
   <subfield code="j">KGT.0055922</subfield>
   <subfield code="j">KGT.0055925</subfield>
   <subfield code="j">KGT.0055924</subfield>
  </datafield>
  <datafield tag="910" ind1="0" ind2="#">
   <subfield code="d">26/3/2019</subfield>
  </datafield>
  <datafield tag="980" ind1="#" ind2="#">
   <subfield code="a">Trung tâm Học liệu Lê Vũ Hùng, Trường Đại học Đồng Tháp</subfield>
  </datafield>
 </record>
</collection>
